Presupuestos públicos con perspectiva de género: Instrumento para el desarrollo /
Պահպանված է:
| Հիմնական հեղինակ: | |
|---|---|
| Ձևաչափ: | Գիրք |
| Լեզու: | Spanish |
| Ցուցիչներ: |
Ավելացրեք ցուցիչ
Չկան պիտակներ, Եղեք առաջինը, ով նշում է այս գրառումը!
|
MARC
| LEADER | 00000nam a22000007a 4500 | ||
|---|---|---|---|
| 003 | cru CIDCACS/IIS | ||
| 005 | 20190123155420.0 | ||
| 007 | ta | ||
| 008 | 190123s2012 cr |||p|r||||||0| ||spa|d | ||
| 999 | |c 42109 |d 42109 | ||
| 040 | |c cru CIDCACS/IIS | ||
| 100 | 1 | |9 8277 |a Garita Gómez, Wendy Isabel | |
| 245 | 1 | |a Presupuestos públicos con perspectiva de género: |b Instrumento para el desarrollo / |c Wendy Isabel Garita Gómez | |
| 300 | |a páginas 9-12: |b fotos | ||
| 942 | |2 ddc |c PP | ||
| 773 | 0 | |0 42103 |9 2613 |d San José, Costa Rica: INAMU |o 18273 |t Revista Olimpia / |x 16592654 | |
